Literary London : its lights and comedies /

Bibliographic Details
Main Author: Ryan, W. P. (William Patrick), 1867-1942
Format: Book
Language:English
Published: London : L. Smithers, 1898.
Subjects:

MARC

Tag First Indicator Second Indicator Subfields
LEADER 00000cam a2200000 a 4500
001 in00000085144
005 20151008055753.0
008 751231s1898 enk 00010 eng d
035 |a (OCoLC)01908819 
035 |9 AAJ4340AM 
040 |a KSU  |c KSU  |d TXA  |d UtOrBLW 
043 |a e-uk--- 
049 |a TXAM  |c [1655162] 
090 |a PR110.L6  |b R9 
100 1 |a Ryan, W. P.  |q (William Patrick),  |d 1867-1942. 
245 1 0 |a Literary London :  |b its lights and comedies /  |c by W.P. Ryan. 
264 1 |a London :  |b L. Smithers,  |c 1898. 
300 |a 165 pages ;  |c 22 cm. 
336 |a text  |b txt  |2 rdacontent 
337 |a unmediated  |b n  |2 rdamedia 
338 |a volume  |b nc  |2 rdacarrier 
650 0 |a Literary landmarks  |z England  |z London. 
650 0 |a Authors, English. 
999 |a MARS 
999 f f |s ed09e4eb-c173-36f9-8460-20515dbf111e  |i ac010185-61b5-3320-8ad0-f600256e8ba8  |t 0 
952 f f |p normal  |a Texas A&M University  |b College Station  |c Sterling C. Evans Library  |d Evans: Library Stacks  |t 0  |e PR110.L6 R9  |h Library of Congress classification  |i unmediated -- volume  |m A14806182556 
998 f f |a PR110.L6 R9  |t 0  |l Evans: Library Stacks